| 000 | 00427nam a2200157 i 4500 | ||
|---|---|---|---|
| 001 | 23581 | ||
| 003 | ES-MaACL | ||
| 005 | 20230906152911.0 | ||
| 007 | t| | ||
| 008 | 021211s1925 sp ||||1| spa d | ||
| 100 | 1 |
_aAlvarez Cerón, M. _920732 |
|
| 245 | 1 | 3 |
_aEl oculto manantial y otros poemas / _cM. Alvarez Cerón. |
| 260 |
_aSegovia : _bCarlos Martín, _c1925. |
||
| 300 |
_a202 p. ; _c17 cm. |
||
| 852 |
_aES-MaACL _jF-13575 |
||
| 999 |
_c23581 _d23581 |
||